Identidad étnica, Identidad nacional, Lengua y linguística /

Збережено в:
Бібліографічні деталі
Автор: Zimmermann, Klaus
Формат: Невідомо
Мова:Spanish
Опубліковано: San José, Costa Rica : Vicerrectoría de Investigación, Universidad de Costa Rica, 1993.
Предмети:
Теги: Додати тег
Немає тегів, Будьте першим, хто поставить тег для цього запису!

MARC

LEADER 000000000a22000000004500
001 002071
041 0 |a spa 
082 0 4 |a 401   |b Z74i 
100 1 |a Zimmermann, Klaus 
245 1 0 |a Identidad étnica, Identidad nacional, Lengua y linguística /   |c Klaus Zimmermann. 
260 1 |a San José, Costa Rica :   |b Vicerrectoría de Investigación, Universidad de Costa Rica,   |c 1993. 
300 |a 23 páginas 
500 |a Esta biblioteca tiene dos ejemplares de este libro. 
650 4 |a LENGUAJE Y CULTURA 
999 |c 8673  |d 8673 
942 |c BK  |h 401 Z74i  |2 z